Vivir la misa / (Record no. 122996)

MARC details
000 -LEADER
campo de control de longitud fija 00616nam a2200217 4500
001 - NÚMERO DE CONTROL
campo de control 122996
003 - IDENTIFICADOR DE NÚMERO DE CONTROL
campo de control ES-MaACL
005 - FECHA Y HORA DE LA ÚLTIMA TRANSACCIÓN
campo de control 20230906192102.0
007 - CAMPO FIJO DE DESCRIPCIÓN FÍSICA--INFORMACIÓN GENERAL
campo de control de longitud fija t|
008 - DATOS DE LONGITUD FIJA--INFORMACIÓN GENERAL
campo de control de longitud fija 070214s1957 sp r ||||0| spa d
100 1# - ENTRADA PRINCIPAL--NOMBRE DE PERSONA
Nombre de persona Putz, Joseph.
9 (RLIN) 94437
245 10 - MENCIÓN DEL TÍTULO
Título Vivir la misa /
Mención de responsabilidad, etc. Joseph Putz ; traducción del inglés por Carlos Manzanares.
250 ## - MENCION DE EDICION
Mención de edición 1ª. ed.
260 ## - PUBLICACIÓN, DISTRIBUCIÓN, ETC.
Lugar de publicación, distribución, etc. Barcelona :
Nombre del editor, distribuidor, etc. Destino,
Fecha de publicación, distribución, etc. 1957.
300 ## - DESCRIPCIÓN FÍSICA
Extensión 278 p :
Otras características físicas il ;
Dimensiones 15 cm.
490 1# - MENCIÓN DE SERIE
Mención de serie La espiga
700 1# - ENTRADA AGREGADA--NOMBRE PERSONAL
Nombre de persona Manzanares, Carlos.
9 (RLIN) 76196
830 0# - PUNTO DE ACCESO ADICIONAL DE SERIE-TÍTULO UNIFORME
Título uniforme La espiga
9 (RLIN) 183676
852 ## - LOCALIZACIÓN
Ubicación ES-MaACL
Número de control de estantería C-14023
Sublocalización o colección R.41509
Holdings
Estatus retirado Estado de pérdida Estado de daño No para préstamo Biblioteca de origen Biblioteca actual Ubicación en estantería Fecha de adquisición Fuente de adquisición Total de préstamos Signatura topográfica completa Código de barras Visto por última vez Precio de reemplazo Tipo de ítem Koha
        Biblioteca del Ateneo de Madrid Biblioteca del Ateneo de Madrid Sala Palomar 17/01/2008     C-14023 1128165 23/02/2023 23/02/2023 Libro impreso